| 000 | 00934nam a2200241 a 4500 | ||
|---|---|---|---|
| 001 | 82108 | ||
| 003 | BD-RjUL | ||
| 005 | 20240114104010.0 | ||
| 008 | 231015s2014 bg a|||| m||| 00| 0 eng d | ||
| 035 | _a(BD-RjUL)82108 | ||
| 040 |
_aBD-RjUL _beng _cBD-RjUL _dBD-RjUL |
||
| 041 | _aeng | ||
| 082 |
_223 _a571.9 _bSAP 2014 |
||
| 100 |
_aSarkar, Aziza Sultana Rosy _99533 |
||
| 245 | 1 | 0 |
_aProbability Pattern and Effect of Extinction of Disease on Expectation of Life in Bangladesh / _cBy Aziza Sultana Rosy Sarkar ; _6Supervisor : Md. Nurul Islam. |
| 260 |
_aRajshahi : _bDepartment of Statistics, University of Rajshahi, _c2014. |
||
| 300 |
_axvii, ; 218 Leaves : _bill, ; _c29 cm. |
||
| 502 | _aThesis (Ph. D.) -- Department of Statistics, University of Rajshahi, 2014 | ||
| 504 | _aReferences : Leaves [200]-206 | ||
| 650 |
_aDisease _vEffect _xProbabilty _99534 |
||
| 700 |
_aIslam, Md. Nurul, Supervisor _91185 |
||
| 942 |
_2ddc _cTHE |
||
| 999 |
_c82108 _d82108 |
||